Global quality : The new management culture
The concept of total quality management is designed to improve productivity and employee satisfaction. Based on the ideas of Dr W. Edwards Denning, this technique has been taken up by many of the most successful Japanese companies. This book is aimed at middle management and puts forward ideas that...
Сохранить в:
| Главный автор: | |
|---|---|
| Формат: | |
| Язык: | Undetermined |
| Опубликовано: |
Amsterdam ; San Diego
Pfeiffer & Co.
1993
|
| Предметы: | |
| Метки: |
Добавить метку
Нет меток, Требуется 1-ая метка записи!
|
| Thư viện lưu trữ: | Trung tâm Học liệu Trường Đại học Cần Thơ |
|---|
| LEADER | 01069nam a2200205Ia 4500 | ||
|---|---|---|---|
| 001 | CTU_94252 | ||
| 008 | 210402s9999 xx 000 0 und d | ||
| 082 | |a 658.5 | ||
| 082 | |b M135 | ||
| 100 | |a Macdonald, John | ||
| 245 | 0 | |a Global quality : | |
| 245 | 4 | |b The new management culture | |
| 245 | 0 | |c John Macdonald and John Piggott. | |
| 260 | |a Amsterdam ; San Diego | ||
| 260 | |b Pfeiffer & Co. | ||
| 260 | |c 1993 | ||
| 520 | |a The concept of total quality management is designed to improve productivity and employee satisfaction. Based on the ideas of Dr W. Edwards Denning, this technique has been taken up by many of the most successful Japanese companies. This book is aimed at middle management and puts forward ideas that are intended to bring about significant changes in management culture. The authors discuss the principles of quality management, and descibe how the theoretical suggestions made in the book may be put into practice | ||
| 650 | |a Total quality management | ||
| 904 | |i M.Loan | ||
| 980 | |a Trung tâm Học liệu Trường Đại học Cần Thơ | ||